[Event "Maccabiah op"]
[Site "Jerusalem"]
[Date "2013.07.21"]
[Round "1"]
[White "Orgad, Dan"]
[Black "Yatzkan, Nir"]
[Result "1-0"]
[WhiteElo "2017"]
[BlackElo "1637"]
[PlyCount "61"]
[EventDate "2013.07.21"]
[EventType "swiss"]
[EventRounds "9"]
[EventCountry "ISR"]
[SourceTitle "EXT 2014"]
[Source "ChessBase"]
[SourceDate "2013.11.20"]
[SourceVersion "1"]
[SourceVersionDate "2013.11.20"]
[SourceQuality "1"]

1. c4 Nf6 2. Nf3 Nc6 3. d4 e6 4. g3 Bb4+ 5. Bd2 Bxd2+ 6. Nbxd2 b6 7. Bg2 Bb7 8. 0-0 0-0 9. e4 d6 10. d5 exd5 11. cxd5 Ne5 12. Nd4 g6 13. Re1 Qd7 14. Bf1 c6 15. f4 cxd5 16. fxe5 dxe5 17. N4f3 dxe4 18. Nxe4 Qxd1 19. Nxf6+ Kg7 20. Raxd1 Bxf3 21. Rd3 e4 22. Nxe4 Bxe4 23. Rxe4 f5 24. Re7+ Rf7 25. Rdd7 Rxe7 26. Rxe7+ Kh6 27. Bg2 Rc8 28. Rxa7 Rc1+ 29. Bf1 Ra1 30. Ra6 b5 31. b4 1-0